U.S. State Capitals by Last Letter (A-Z) - Statistics

General Stats
  • This quiz has been taken 688 times
  • The average score is 13 of 16
Answer Stats
Letter # Capital % Correct
A 6 Atlanta | Augusta | Columbia | Helena | Olympia | Topeka
97%
E 8 Baton Rouge | Boise | Cheyenne | Nashville | Pierre | Providence | Santa Fe | Tallahassee
96%
Y 6 Albany | Carson City | Jefferson City | Montgomery | Oklahoma City | Salt Lake City
95%
N 7 Austin | Boston | Charleston | Jackson | Lincoln | Madison | Trenton
95%
D 4 Concord | Hartford | Richmond | Springfield
92%
S 4 Annapolis | Columbus | Des Moines | Indianapolis
90%
R 3 Denver | Dover | Montpelier
88%
U 2 Honolulu | Juneau
88%
K 2 Bismarck | Little Rock
86%
X 1 Phoenix
86%
G 2 Harrisburg | Lansing
85%
O 1 Sacramento
83%
M 1 Salem
77%
H 1 Raleigh
70%
T 1 Frankfort
61%
L 1 Saint Paul
61%
No matching quizzes found
Score Distribution
Percent of People with Each Score
Percentile by Number Answered
Your Score History
You have not taken this quiz